Normal view
MARC view
Entry Personal Name
001 - CONTROL NUMBER
- control field: 85441
003 - CONTROL NUMBER IDENTIFIER
- control field: dpl
005 - DATE AND TIME OF LATEST TRANSACTION
- control field: 20251008145245.0
008 - FIXED-LENGTH DATA ELEMENTS
- fixed length control field: 251008|| aca||aabn | a|a d
040 ## - CATALOGING SOURCE
- Original cataloging agency: dpl
- Transcribing agency: dpl
100 ## - HEADING--PERSONAL NAME
- Personal name: व्यास विप्लव
670 ## - SOURCE DATA FOUND
- Source citation: Work cat.: (dpl)213623: व्यास विप्लव , जन्मदिन/, 2023
